000 01076cad a22002415a 4500
001 E149653
008 100401s2010 xxub f s 000 0 eng d
035 _a(Sirsi) u149653
041 0 _aeng
050 0 4 _a333.33 $2 18
100 2 _aHayes, Peter
245 0 0 _aPricing through the cycle in Europe
_h[electronic resource]
260 _aParsipanny, NJ
_bPramerica Real Estate Investors
_c2010
520 _aDiscusses a newly-created model based on a measure of "cyclical fair value", which it is hoped would explain why, during the recession, yields of commercial properties in Europe peaked below their long-term averages. Suggests that capital-growth driven markets are the most attractively priced.
521 _aAdvanced
590 _aKA
651 4 _aEurope
690 _aPROPERTY-COMMERCIAL PROPERTY-COMMERCIAL PROPERTY MARKET
700 1 _aKane, Greg
700 1 _aReissner, Markus
856 4 0 _uhttps://www.pramericarei.com/pramerica/realestate/pra_research_perspectives_frameset.html
_zView the item free of charge at www.pramericarei.com...
942 _n0
999 _c110581
_d110581